000 00568nam a22001817a 4500
003 OSt
005 20221026162213.0
008 221026b |||||||| |||| 00| 0 eng d
020 _a0946846 928
040 _cBiblioteca Lado V
082 _a750
_bO'999evag
100 _941
_aO'Reilly, Paul M.
_eeditor
245 _aEV+A/
_b2006 - give(a)way/
246 _aFeedback/
_bArt Responsive to instructions, Input, or its environment/
260 _aIrlanda
_bGandon Editions
_c2006
300 _a256p.
_c18x24cm
942 _2ddc
_c1
_h750
_iO'999evag
_n0
999 _c2342
_d2342